00387nam a22001337a 450000500170000000800410001704100230005808200120008110000230009324500310011626000470014730000330019465000260022720240719141704.0240719b |||||||| |||| 00| 0 eng d aEnglish/Afrikaans  a349 SOU lEnglish/Afrikaans  aSouth African Law Reports  aCape Town: bJuta and Company Ltd, c1995  bxcviii, 878 pages; c26 cm.  aLegal practice bLaw